Geography Series #22 - Statistics

General Stats
  • This quiz has been taken 52 times
  • The average score is 6 of 10
Answer Stats
10 Smallest Countries (By Size) % Correct
Vatican City
98%
Monaco
94%
San Marino
88%
Nauru
73%
Liechtenstein
63%
Tuvalu
63%
Malta
49%
Maldives
43%
Saint Kitts and Nevis
41%
Marshall Islands
29%
No matching quizzes found
Score Distribution
Percent of People with Each Score
Percentile by Number Answered
Your Score History
You have not taken this quiz